[Event "Russian Cup Final Women 2020"]
[Site "Khanty-Mansiysk"]
[Date "2020.12.23"]
[Round "3.2"]
[White "Voit, Daria"]
[Black "Bodnaruk, Anastasia"]
[Result "1/2-1/2"]
[WhiteElo "2353"]
[BlackElo "2414"]
[Annotator "TA"]
[PlyCount "168"]
[EventDate "2020.12.18"]
[EventType "k.o."]
[EventCountry "RUS"]
[SourceTitle "playchess.com"]
[Source "ChessBase"]
[SourceQuality "1"]

{[%evp 15,167,0,41,5,83,72,68,42,43,30,40,27,26,26,23,0,0,0,10,15,22,-7,-11,-57,-6,-38,-43,-48,-31,-134,-13,-73,-68,-71,-58,-90,-82,-81,-70,-97,-11,-14,-25,-32,0,-12,0,0,0,0,0,0,0,0,7,-59,-55,-49,-45,-139,-153,-535,-535,-535,-535,-513,-194,-194,-104,-281,-104,-110,-112,-104,-104,-112,-112,-140,-78,-168,-111,-194,-194,-194,-194,-194,-165,-148,-148,-154,-62,-195,-195,-195,-195,-275,-275,-275,-275,-275,-275,-275,-275,-275,-275,-275,-275,-277,-256,-275,-256,-194,-194,-281,-80,-80,-80,-80,-80,-80,-80,-80,-80,-81,-81,-81,-81,-81,-81,-86,-79,-86,-80,-29970,-29972,-29972,-86,-29970,0,-29970,-86,-86,-86,-86,-86,-29965,-86,-3902,-86,-86,-86,-4614,-8,-8]} 1. Nf3 Nf6 2. c4 g6 3. Nc3 Bg7 4. d4 O-O 5. e4 d6 6. Be2 e5 7. O-O Na6 8. h3 c6 9. Be3 {E91: King's Indian: Classical: 6 Be2, unusual replies including 6...c5 and 6...Bg4.} Re8 (9... exd4 $1 $11 10. Bxd4 (10. Qxd4 Nd5 $15) 10... Re8) 10. d5 $16 {[#]} Nh5 $146 ({Predecessor:} 10... c5 11. Qd2 Rf8 12. Bh6 Bxh6 13. Qxh6 Qe7 14. Ng5 Kh8 15. f4 Ng4 16. Qxh7# {1-0 (16) Bouget,A (2247)-Costachi,M (2471) Chess.com INT 2020}) 11. Qd2 {White is slightly better.} Nf4 12. dxc6 Nxe2+ 13. Qxe2 bxc6 14. Rfd1 Qe7 15. Ne1 Be6 16. b3 Red8 17. Rac1 Nc7 18. b4 f5 19. f3 d5 (19... Qf7 $15 20. Na4 Ne8) 20. Bc5 Qf7 21. cxd5 cxd5 22. Rc2 (22. exd5 $15 Nxd5 23. Nxd5 Bxd5 24. a3) 22... Rd7 (22... d4 $1 $17 {[%cal Rd4c3]} 23. Nb1 Bd7) 23. Nd3 (23. Nxd5 $11 {keeps the balance.} Nxd5 24. exd5 Bxd5 25. Qf2) 23... dxe4 24. fxe4 Bc4 25. Qf3 Rad8 26. Nf2 Rxd1+ 27. Nfxd1 Nb5 (27... Ne6 $17 {aiming for ...Ng5.} 28. Nf2 Bf8 29. exf5 gxf5 30. Qg3+ Bg7) 28. Nxb5 $11 Bxb5 29. Nf2 Bh6 30. Be3 Bf8 31. exf5 gxf5 32. Qg3+ Qg7 33. Qxg7+ Bxg7 34. Bxa7 e4 35. Rc5 {[#]} (35. Be3 $11) 35... e3 $1 $15 36. Rxb5 {[#]} Rd1+ $1 37. Kh2 (37. Nxd1 $15 e2 38. Ne3 (38. Rb8+ Kf7 $17) 38... e1=Q+ 39. Nf1) 37... e2 $17 38. Nd3 (38. Rb8+ $17 {was the crucial defense.} Kf7 39. Rb7+ Kg6 40. Rb6+ Bf6 41. Re6) 38... Rxd3 $19 {[%mdl 4096] Endgame KRB-KRB} 39. Bf2 Bd4 $1 {[%cal Rd4f2]} 40. Bh4 Rd1 $2 (40... f4 {White must now prevent ...Rd1.} 41. Rb8+ Kf7) 41. g4 {[#]} f4 (41... Bf6 $1 $19 {[%cal Rf6h4][%mdl 512]} 42. Bf2 f4) 42. Rg5+ $2 (42. Rf5 $17) 42... Kh8 $2 (42... Kf7 $1 $19 {Hoping for ...Ke6.} 43. Kg2 Ke6) 43. Rf5 $17 e1=Q 44. Bxe1 Rxe1 {KRB-KR} 45. Kg2 Be3 46. a4 Rb1 (46... Ra1 $142 47. a5 Ra4) 47. Rb5 (47. b5 $17 {is a better defense.}) 47... Bd2 ({Black should play} 47... Rb3 $1 $19 48. a5 Ba7) 48. Kf3 (48. a5 $17) 48... Rb3+ $19 ({Worse is} 48... Rxb4 49. Rxb4 Bxb4 50. Kxf4 $11) (48... Bxb4 49. h4 $15) 49. Ke4 f3 ({Not} 49... Rxb4+ 50. Rxb4 Bxb4 51. Kxf4 $11) ({But not} 49... Bxb4 50. Kxf4 Bd2+ 51. Ke5 $17) 50. Rf5 Rxb4+ 51. Kxf3 Rxa4 52. Rd5 Be1 ({Black should try} 52... Ra3+ $17 53. Ke4 Re3+ 54. Kf5 Rf3+ 55. Ke4 Rf4+ 56. Ke5 Be3) 53. Rf5 (53. Rd8+ $1 $15 Kg7 54. Rd7+ Kg8 55. Rd8+ Kg7 56. Rd7+ Kg8 57. Rd8+ Kg7) 53... Kg7 54. Kg2 Ra2+ 55. Kg1 (55. Kf3 {might work better.}) 55... Kg6 56. Rh5 Bg3 57. Kf1 Bf4 58. Rf5 Bg5 59. Rf3 h6 60. Kg1 Bf6 61. Rf5 Kf7 62. Kh1 Ke6 63. Rh5 Bg5 64. h4 (64. Kg1 {was worth a try.}) 64... Bf4 $2 (64... Be3 $19 {has better winning chances. Threatens to win with ...Rc2.} 65. Rb5 Rc2) 65. g5 $17 hxg5 66. hxg5 Kf5 67. g6+ Kxg6 68. Rb5 Kf6 69. Kg1 Be5 70. Kf1 Kf5 71. Rb7 Kg4 72. Rb3 Bg3 (72... Kf4 {looks sharper.} 73. Rb4+ Kf3 74. Rb3+ Ke4 75. Rb4+ Bd4) 73. Rb7 Kh3 (73... Rf2+ {seems wilder.} 74. Kg1 Rc2 75. Rb3 Bf2+ 76. Kf1 Rd2) 74. Rb1 $2 {[%mdl 8192]} (74. Rf7 $17) 74... Rf2+ 75. Kg1 Rf5 $2 (75... Rf3 $1 76. Kh1 Bf4 77. Rg1 Re3 78. Rf1 Rd3 $1 79. Rg1 Bg3 80. Ra1 Rd2 81. Kg1 Rg2+ 82. Kf1 Rf2+ 83. Kg1 Rf3 84. Kh1 Bf4 85. Rg1 Rd3 86. Rf1 Rd2 $1 87. Rf3+ Kg4 88. Rf1 Bg3 89. Rb1 Bf4 90. Rf1 Rb2 91. Rg1+ Kf3 92. Rg2 Rb1+ 93. Rg1 Rb3 94. Rf1+ Kg3 95. Rg1+ Kh3 96. Rf1 Ra3 $1 97. Rg1 Rb3 98. Rf1 Rd3 $1 99. Rg1 Bg3 100. Ra1 Bf4 101. Rg1) 76. Rd1 $2 {[%mdl 8192]} (76. Rb3 $17) 76... Rf2 77. Rb1 $1 Rc2 $2 (77... Rf3 $1 78. Kh1 Bf4 79. Rg1 Rd3 80. Rf1 Rd2 $1 81. Rf3+ Kg4 82. Rf1 Be3 83. Rf7 Bh6 84. Rf6 Bf4 85. Rg6+ Kf3 86. Rg2 Rd1+ 87. Rg1 Rd3 88. Rf1+ Kg3 89. Rg1+ Kh3 90. Rf1 Rd2 $1 91. Rf3+ Kg4 92. Rf1 Rh2+ 93. Kg1 Re2 94. Kh1 Rh2+ 95. Kg1 Rd2 96. Kh1) 78. Kf1 Rh2 79. Rd1 Rf2+ 80. Kg1 $2 {[%mdl 8192]} (80. Ke1 $17) 80... Rf6 $2 (80... Rf3 {mates} 81. Kh1 Bd6 $1 82. Rg1 Bh2 83. Rd1 Bf4 84. Rg1 Ra3 85. Rf1 Be5 86. Rd1 Rf3 87. Rg1 Bg3 88. Rb1 Bb8 $1 89. Rg1 Bg3 90. Rd1 Bf4 91. Rg1 Rb3 92. Rf1 Bd2 93. Rg1 Rf3 94. Rg2 Rf1+ 95. Rg1 Rf7 96. Rg2 Be1 97. Kg1 Bg3 98. Kh1 Rf1+ 99. Rg1 Rf3) 81. Rb1 $2 {[%mdl 8192] [#]} (81. Rd3 $17) 81... Rd6 $2 (81... Rf3 $1 $19 {and Black stays clearly on top. ( -> ...Bf4)} 82. Kh1 Be5) 82. Kf1 Rd2 83. Ra1 $2 {[%mdl 8192]} (83. Rb3 $17) 83... Kh2 $2 (83... Rf2+ $19 84. Kg1 Rf3) 84. Ra2 $1 $11 Rxa2 {Weighted Error Value: White=0.38/Black=0.28} 1/2-1/2